| 000 | 00667nam a22001337a 4500 | ||
|---|---|---|---|
| 040 | _cRUA | ||
| 082 | _aAVM SEO 2009 B088 Or.1 | ||
| 100 | _aSEOUN RATANAK | ||
| 245 | _aThe study on artifcial insemination of pigs at prek samrong animal station, (ការសិក្សាអំពីការបង្កាត់ពូជជ្រូកដោយសិប្បនិមិ្មត នៅស្ថានីយ៍ចិញ្ចឹមសត្វព្រែកសំរោង) | ||
| 260 |
_aphnom penh _brua _c2009 |
||
| 300 |
_ax, 49p. _bill. _c29cm. |
||
| 856 | _uhttps://drive.google.com/file/d/1jpMXsQJ6-LaAKgkbAdcW1SCdyNNRO7Um/view?usp=sharing | ||
| 942 | _cAVM | ||
| 999 |
_c2339 _d2339 |
||